Normal view MARC view

Entry Nome pessoal

Number of records used in: 4

001 - NÚMERO DE CONTROLE

  • campo de controle: 496

003 - IDENTIFICADOR DO NÚMERO DE CONTROLE

  • campo de controle: OSt

005 - DATA E HORÁRIO DA ÚLTIMA TRANSAÇÃO

  • campo de controle: 20250312162237.0

008 - CAMPO DE DADOS FIXOS

  • campo de controle de tamanho fixo: 250312|| aca||aabn | a|a d

040 ## - FONTE DA CATALOGAÇÃO

  • Instituição da catalogação original: OSt

100 ## - CABEÇALHO--NOME PESSOAL

  • Nome pessoal: Barbara Sampaio Vieira Duarte
  • Função do autor por extenso: TRADUTORA

Powered by Koha